000 00287nam a2200121Ia 4500
008 231129s9999||||xx |||||||||||||| ||spa||
040 _bspa
082 _a671.2861 I43f
100 _aInfante D. Miguel
245 0 _aLa fundicion en Colombia
264 _aColciencias
942 _2ddc
_cBKS
999 _c17183
_d17183